000 00498nam a22001697a 4500
005 20251108175348.0
008 250721s2011 xx 000 0 ara d
082 1 4 _a962.7/عبد
100 1 _aعبد الفتاح، عصام
245 1 0 _aمبارك واغتيال السادات /
264 1 _aالمنصورة :
_bالحمود للنشر و التوزيع،
_c2011.
300 _a240 ص.
650 1 7 _aتاريخ مصر
650 1 7 _aالتراجم
942 _2ddc
_cBK
999 _c132357
_d132357